Régimen legal del seguro (Registro nro. 647)

Detalles MARC
000 -LEADER
fixed length control field 01677 a2200217 4500
001 - CONTROL NUMBER
control field 15431
005 - DATE AND TIME OF LATEST TRANSACTION
control field 20260407155450.0
008 - FIXED-LENGTH DATA ELEMENTS--GENERAL INFORMATION
fixed length control field 260407a1999 arg spa d
003 - CONTROL NUMBER IDENTIFIER
control field AR-UNSa-BCEJYS
040 ## - CATALOGING SOURCE
Original cataloging agency AR-UNSa-BCEJYS
Language of cataloging spa
Transcribing agency AR-UNSa-BCEJYS
080 ## - UNIVERSAL DECIMAL CLASSIFICATION NUMBER
Universal Decimal Classification number 368
Common auxiliary subdivision Seguros. Provisión comunitaria mediante participación en los riesgos
020 ## - INTERNATIONAL STANDARD BOOK NUMBER
International Standard Book Number 950-727-224-0
100 1# - MAIN ENTRY--PERSONAL NAME
Personal name Piedecasas, Miguel A.
245 10 - TITLE STATEMENT
Title Régimen legal del seguro
Name of part/section of a work Ley 17.418
264 #1 - PRODUCTION, PUBLICATION, DISTRIBUTION, MANUFACTURE, AND COPYRIGHT NOTICE
Place of production, publication, distribution, manufacture Buenos Aires :
Name of producer, publisher, distributor, manufacturer Rubinzal-Culzoni Editores
Date of production, publication, distribution, manufacture, or copyright notice 1999
300 ## - PHYSICAL DESCRIPTION
Extent 560 p.
Dimensions 22 cm.
505 ## - FORMATTED CONTENTS NOTE
Formatted contents note I. Disposiciones generales: 1. Concepto y celebración - 2. Reticencia - 3. Póliza - 4. Denuncias y declaraciones - 5. Competencia y domicilio - 6. Plazo - 7. Por cuenta ajena - 8. Prima - 9. Caducidad - 10. Agravación del riesgo - 11. Denuncia del siniestro - 12. Vencimiento de la obligación del asegurador - 13. Rescisión por siniestro parcial - 14. Intervención de auxiliares en la celebración del contrato - 15. Determinación de la indemnización. Juicio pericial - 16. Prescripción -- II. Seguro de daños patrimoniales: 1. Disposiciones generales - 2. Pluralidad de seguros - 3. Provocación de siniestro - 4. Salvamento y verificación de los daños - 5. Subrogación - 6. Desaparición del interés o cambio de titular - 7. Hipoteca. Prenda - 8. Seguro de incendio - 9. Seguros de la agricultura - 10. Seguro de animales - 11. Seguro de responsabilidad civil - 12. Seguro de transporte - 13. Seguro de personas -- III. Seguro de personas
590 ## - LOCAL NOTE (RLIN)
Local note niveau_biblio:m niveau_hierar:0
856 41 - ELECTRONIC LOCATION AND ACCESS
Uniform Resource Identifier <a href="https://170.210.207.44/pmb/images/libros/L119050.jpg">https://170.210.207.44/pmb/images/libros/L119050.jpg</a>
Link text Imagen de portada
Electronic format type image/jpeg
942 ## - ADDED ENTRY ELEMENTS (KOHA)
Koha item type
Existencias
Withdrawn status Lost status Damaged status Not for loan Home library Current library Shelving location Date acquired Total checkouts Full call number Barcode Date last seen Price effective from Koha item type
        Biblioteca Prof. Eusebio Cleto del Rey Biblioteca Prof. Eusebio Cleto del Rey   07/04/2026   368 P613 L119050 07/04/2026 07/04/2026 Libro